Finančná analýza vybraného podnikateľského subjektu bakalárska práca

Guardado en:
Detalles Bibliográficos
Autor principal: Miko, Zdenko
Autor Corporativo: Národohospodárska fakulta EU. Katedra financií
Otros Autores: Mikócziová, Jana
Formato: Libro
Lenguaje:eslovaco
Publicado: Bratislava 2009
Etiquetas: Agregar Etiqueta
Sin Etiquetas, Sea el primero en etiquetar este registro!

MARC

LEADER 00000nam$a2200000$$$4500
001 0103571
005 20240318141324.9
041 0 |a slo 
044 |a SK 
245 1 0 |a Finančná analýza vybraného podnikateľského subjektu  |b bakalárska práca  |c Zdenko Miko ; škol. Jana Mikócziová 
264 1 |a Bratislava  |c 2009 
300 |a 43 s. 
100 1 |a Miko, Zdenko 
700 1 |a Mikócziová, Jana 
710 2 |a Národohospodárska fakulta EU. Katedra financií